000
00279nam a2200121Ia 4500
008
191201s2019 xx 000 0 und d
100
_a
NSE INDIA
245
0
_a
Mutual Funds Advanced Module
260
_a
N. Delhi
_b
NSE (NCFM)
300
_a
121
650
_a
NCFM
942
_2
ddc
_c
BK
999
_c
6668
_d
6668